European Geography By Letter - P #1 - Statistics

General Stats
  • This quiz has been taken 96,570 times
    96,214 since last reset
  • The average score is 13 of 20
Answer Stats
Clue Answer % Correct
Country invaded in 1939 Poland
96%
City home to the Leaning Tower Pisa
93%
Country in Iberia Portugal
90%
City destroyed by Vesuvius Pompeii
82%
Mountain range between France and Spain Pyrenees
76%
"La Ville-Lumière" Paris
70%
City that merged with Buda in 1873 Pest
70%
London equivalent of Times Square {Piccadilly} Circus
67%
Historic German kingdom known for its efficient military Prussia
67%
Temple in Athens dedicated to Athena Parthenon
66%
Historical capital of Bohemia Prague
62%
Italian term for a city square Piazza
60%
Capital of Sicily Palermo
59%
Port where the Pilgrims left for America Plymouth
58%
Spanish city where bulls run Pamplona
56%
Roman building with a concrete dome Pantheon
48%
Capital of Majorca Palma
46%
One of 8 official cities in Scotland Perth
36%
Town in far southwest England overrun by musical pirates Penzance
32%
Historical region of France whose largest region is Marseille Provence
30%
No matching quizzes found
Score Distribution
Percent of People with Each Score
Percentile by Number Answered
Your Score History
You have not taken this quiz since the last reset